[Event "Uljanovsk U18"]
[Site "Uljanovsk"]
[Date "2006.12.25"]
[Round "8"]
[White "Chikunov, Anatoliy"]
[Black "Prihodko, Ilja"]
[Result "1-0"]
[WhiteElo "2008"]
[BlackElo "1950"]
[PlyCount "87"]
[EventDate "2006.12.18"]
[EventType "tourn"]
[EventRounds "11"]
[EventCountry "RUS"]
[SourceTitle "EXT 2019"]
[Source "ChessBase"]
[SourceDate "2018.10.10"]
[SourceVersion "1"]
[SourceVersionDate "2018.10.10"]
[SourceQuality "1"]

1. e4 c5 2. Nf3 d6 3. d4 cxd4 4. Nxd4 Nf6 5. Nc3 e6 6. Bg5 a6 7. Bc4 Be7 8. f3 Nxe4 9. Bxe7 Nxc3 10. Qd2 Qxe7 11. Qxc3 0-0 12. 0-0-0 d5 13. Bd3 Bd7 14. f4 Rc8 15. Qe1 Qf6 16. Kb1 Nc6 17. Nf3 h6 18. Qe3 Nb4 19. Ne5 Nxd3 20. Rxd3 Bb5 21. Rd2 Qe7 22. g4 Qc5 23. Qg3 f6 24. Nf3 Qc7 25. h4 Kf7 26. g5 Rg8 27. Re1 Bd7 28. Rd3 a5 29. a3 b5 30. b3 Qd6 31. Kb2 Rac8 32. Nd4 Rge8 33. Rg1 Rg8 34. Qe3 hxg5 35. hxg5 e5 36. Ne2 Bf5 37. Rd2 d4 38. Qf3 Qe6 39. g6+ Ke7 40. Qb7+ Kd8 41. Nxd4 exd4 42. Rxd4+ Ke8 43. Qxb5+ Kf8 44. Rg2 1-0

[Event "Uljanovsk U18"]
[Site "Uljanovsk"]
[Date "2006.12.23"]
[Round "4"]
[White "Mikeev, Valery"]
[Black "Chikunov, Anatoliy"]
[Result "0-1"]
[WhiteElo "1860"]
[BlackElo "2008"]
[PlyCount "68"]
[EventDate "2006.12.18"]
[EventType "tourn"]
[EventRounds "11"]
[EventCountry "RUS"]
[SourceTitle "EXT 2019"]
[Source "ChessBase"]
[SourceDate "2018.10.10"]
[SourceVersion "1"]
[SourceVersionDate "2018.10.10"]
[SourceQuality "1"]

1. d4 Nf6 2. c4 g6 3. Nc3 Bg7 4. e4 d6 5. Nf3 0-0 6. Be2 Nc6 7. 0-0 e5 8. d5 Ne7 9. a4 a6 10. b4 Nh5 11. Re1 f5 12. Bf1 f4 13. Ba3 h6 14. h3 Nf6 15. Nh2 g5 16. f3 h5 17. Be2 Bd7 18. b5 Ng6 19. c5 Qc8 20. Bf1 g4 21. fxg4 hxg4 22. c6 bxc6 23. bxc6 Be8 24. Ra2 Nh4 25. hxg4 Nh7 26. Qd3 Ng5 27. Rf2 f3 28. gxf3 Rxf3 29. Rxf3 Ngxf3+ 30. Nxf3 Qxg4+ 31. Kf2 Bh5 32. Nxh4 Qxh4+ 33. Qg3 Rf8+ 34. Kg2 Bf3+ 0-1

[Event "Uljanovsk U18"]
[Site "Uljanovsk"]
[Date "2006.12.21"]
[Round "3"]
[White "Chikunov, Anatoliy"]
[Black "Kolosov, Anatoly G1111"]
[Result "1-0"]
[WhiteElo "2008"]
[BlackElo "2035"]
[PlyCount "91"]
[EventDate "2006.12.18"]
[EventType "tourn"]
[EventRounds "11"]
[EventCountry "RUS"]
[SourceTitle "EXT 2019"]
[Source "ChessBase"]
[SourceDate "2018.10.10"]
[SourceVersion "1"]
[SourceVersionDate "2018.10.10"]
[SourceQuality "1"]

1. e4 e5 2. Nf3 Nc6 3. Bb5 Nd4 4. Nxd4 exd4 5. d3 c6 6. Ba4 d6 7. 0-0 Nf6 8. c3 dxc3 9. bxc3 Ng4 10. h3 h5 11. hxg4 hxg4 12. g3 Qf6 13. Kg2 g5 14. Be3 Rh3 15. Nd2 Qh6 16. Rg1 f5 17. exf5 Bxf5 18. Bc2 d5 19. d4 Bd7 20. Qb1 Bd6 21. Bf5 0-0-0 22. Bxd7+ Rxd7 23. Qf5 Rh2+ 24. Kf1 Qh3+ 25. Ke2 Bxg3 26. Raf1 Kc7 27. Kd1 Bd6 28. Qxg4 Qh7 29. Qxg5 Qd3 30. Bf4 Rh3 31. Rg3 Rxg3 32. Qxg3 Qf5 33. Bxd6+ Rxd6 34. Re1 Qd7 35. c4 Kc8 36. c5 Rf6 37. f3 b6 38. Qg5 Rf7 39. Qg8+ Kb7 40. Qe8 Qxe8 41. Rxe8 Rf4 42. Re7+ Ka6 43. Re6 Kb5 44. a4+ Kxa4 45. Rxc6 Kb5 46. Rc7 1-0

[Event "Uljanovsk Zavolje"]
[Site "Uljanovsk"]
[Date "2006.12.06"]
[Round "10"]
[White "Petrosian, Karlen"]
[Black "Chikunov, Anatoliy"]
[Result "1/2-1/2"]
[WhiteElo "2241"]
[BlackElo "2008"]
[PlyCount "92"]
[EventDate "2006.12.02"]
[EventType "tourn"]
[EventRounds "13"]
[EventCountry "RUS"]
[SourceTitle "EXT 2022"]
[Source "ChessBase"]
[SourceDate "2021.10.06"]
[SourceVersion "1"]
[SourceVersionDate "2021.10.06"]
[SourceQuality "1"]

1. c4 Nf6 2. Nc3 g6 3. g3 Bg7 4. Bg2 0-0 5. e3 d6 6. Nge2 Nc6 7. 0-0 a6 8. Rb1 Rb8 9. b4 Bd7 10. a4 e5 11. b5 Ne7 12. d3 Nh5 13. Qc2 f5 14. f4 Nf6 15. Ba3 axb5 16. axb5 Re8 17. h3 Nc8 18. Kh2 Be6 19. c5 e4 20. dxe4 fxe4 21. Rbd1 d5 22. Nxe4 Nxe4 23. Bxe4 c6 24. b6 Qe7 25. Bd3 Nxb6 26. Bb2 Nd7 27. Bd4 Bf8 28. Rc1 Bf7 29. Ng1 b6 30. cxb6 c5 31. Ba1 c4 32. Qc3 Nf6 33. Qxf6 Qxf6 34. Bxf6 cxd3 35. Bd4 Bg7 36. Bc5 Re4 37. Nf3 Rc4 38. Nd2 Bb2 39. Nxc4 dxc4 40. Rb1 c3 41. Bd4 Ba2 42. Rxb2 cxb2 43. Bxb2 Rxb6 44. Rf2 Bd5 45. Rd2 Be4 46. g4 Rc6 1/2-1/2

[Event "Uljanovsk Zavolje"]
[Site "Uljanovsk"]
[Date "2006.12.04"]
[Round "5"]
[White "Chikunov, Anatoliy"]
[Black "Sanatullin, Rinat"]
[Result "1/2-1/2"]
[WhiteElo "2008"]
[BlackElo "2166"]
[PlyCount "70"]
[EventDate "2006.12.02"]
[EventType "tourn"]
[EventRounds "13"]
[EventCountry "RUS"]
[SourceTitle "EXT 2022"]
[Source "ChessBase"]
[SourceDate "2021.10.06"]
[SourceVersion "1"]
[SourceVersionDate "2021.10.06"]
[SourceQuality "1"]

1. e4 d6 2. d4 Nf6 3. Nc3 g6 4. f4 Bg7 5. Nf3 0-0 6. h3 Nc6 7. Be3 e5 8. fxe5 dxe5 9. d5 Ne7 10. Qd2 Ne8 11. 0-0-0 Nd6 12. g4 f6 13. Qg2 Bd7 14. Bd3 b5 15. Nh4 b4 16. Ne2 Qc8 17. Bc5 Qb7 18. Rhg1 Bb5 19. Ng3 Bxd3 20. Rxd3 Qb5 21. Bxd6 cxd6 22. Ngf5 Qd7 23. Nxg7 Kxg7 24. Nf3 Rac8 25. Ne1 g5 26. Qd2 Rc4 27. Re3 Ng6 28. Kb1 a5 29. b3 Rd4 30. Qc1 Nh4 31. c3 bxc3 32. Rxc3 Rf7 33. Qe3 Rb4 34. Nc2 Rb7 35. Na3 a4 1/2-1/2

[Event "Uljanovsk Petrosian Memorial op"]
[Site "Uljanovsk"]
[Date "2006.06.17"]
[Round "9"]
[White "Mikeev, Valery"]
[Black "Chikunov, Anatoliy"]
[Result "0-1"]
[WhiteElo "1913"]
[BlackElo "2045"]
[PlyCount "54"]
[EventDate "2006.05.27"]
[EventType "swiss"]
[EventRounds "9"]
[EventCountry "RUS"]
[SourceTitle "EXT 2008"]
[Source "ChessBase"]
[SourceDate "2007.11.25"]
[SourceVersion "1"]
[SourceVersionDate "2007.11.25"]
[SourceQuality "1"]

1. e4 e5 2. Nf3 Nc6 3. Bb5 a6 4. Ba4 Nf6 5. 0-0 Be7 6. Re1 b5 7. Bb3 0-0 8. c3 d5 9. exd5 Nxd5 10. h3 Bf6 11. a4 b4 12. d4 exd4 13. cxd4 Bf5 14. a5 Nce7 15. Ne5 c6 16. Qf3 Qc7 17. Nd2 Rad8 18. Ndc4 Be6 19. Bd2 Nf5 20. Be3 c5 21. Rad1 Ndxe3 22. fxe3 cxd4 23. Nc6 Rde8 24. Nxd4 Nxd4 25. exd4 Bxc4 26. Rxe8 Rxe8 27. Rc1 Bxd4+ 0-1